Introducation To Computational Moleculary (Record no. 308201)
[ view plain ]
| 000 -LEADER | |
|---|---|
| fixed length control field | 00440nam a2200157Ia 4500 |
| 008 - FIXED-LENGTH DATA ELEMENTS--GENERAL INFORMATION | |
| fixed length control field | 230718s9999 xx 000 0 und d |
| 041 ## - LANGUAGE CODE | |
| Language code of text/sound track or separate title | eng |
| 082 ## - DEWEY DECIMAL CLASSIFICATION NUMBER | |
| Classification number | 574.2 |
| Item number | SET |
| 100 ## - MAIN ENTRY--PERSONAL NAME | |
| Personal name | Setubal J |
| 9 (RLIN) | 148290 |
| 245 ## - TITLE STATEMENT | |
| Title | Introducation To Computational Moleculary |
| 260 ## - PUBLICATION, DISTRIBUTION, ETC. (IMPRINT) | |
| Date of publication, distribution, etc. | 1997 |
| Name of publisher, distributor, etc. | Thomson Publication |
| 300 ## - PHYSICAL DESCRIPTION | |
| Extent | 296 |
| 365 ## - TRADE PRICE | |
| Currency code | Rs. |
| Price amount | 457.00 |
| 700 ## - ADDED ENTRY--PERSONAL NAME | |
| Personal name | Setubal J & Merdans J |
| 9 (RLIN) | 188515 |
| 906 ## - LOCAL DATA ELEMENT F, LDF (RLIN) | |
| d | B:5338/07.200402-Sep-2005 |
| c | MATHS |
| b | 91.4 |
| Withdrawn status | Lost status | Damaged status | Not for loan | Home library | Current library | Date acquired | Vendor | Budget Code | Cost, normal purchase price | Bill number | Total Checkouts | Full call number | Barcode | Date last seen | Date last checked out | Discount | Cost, replacement price | Bill Date | Koha item type | Original Barcode |
|---|---|---|---|---|---|---|---|---|---|---|---|---|---|---|---|---|---|---|---|---|
| Cummins College of Engineering for Women Pune | Cummins College of Engineering for Women Pune | 06/08/2004 | Technical Book Services | MATHS | 365.60 | 5338/07.2004 | 1 | 574.2 | CCEP-BK-19408 | 24/01/2024 | 11/01/2024 | 91.4 | 457.00 | 02/09/2005 | Books | 019408 |